| 000 | 00536 a2200217 4500 | ||
|---|---|---|---|
| 005 | 20260129111124.0 | ||
| 008 | 260128b |||||||| |||| 00| 0 eng d | ||
| 020 |
_a9781119701767 _c$ 80.00 |
||
| 040 | _aMAIN | ||
| 082 |
_a576 _bW519M(3) |
||
| 100 | _aWessner, David R | ||
| 245 | _aMicrobiology | ||
| 250 | _a3rd | ||
| 260 |
_bWiley _c2022 _aSingapore |
||
| 300 | _axxxi, 920 | ||
| 440 | _aInternational Adaptation | ||
| 700 | _aDupont, Christine | ||
| 700 | _aCharles, Trevor C | ||
| 700 | _aNeufeld, Josh D | ||
| 942 | _cBK | ||
| 999 |
_c393761 _d393761 |
||